Speaking is your Business (Record no. 482148)

MARC details
000 -LEADER
fixed length control field 00619nam a2200229Ia 4500
008 - FIXED-LENGTH DATA ELEMENTS--GENERAL INFORMATION
fixed length control field 100315s9999 xx 000 0 und d
040 ## - CATALOGING SOURCE
Transcribing agency ENGLISH 
082 ## - DEWEY DECIMAL CLASSIFICATION NUMBER
Item number 7413 
Classification number 658 
100 ## - MAIN ENTRY--PERSONAL NAME
Personal name "Gough, Vera "
245 ## - TITLE STATEMENT
Title Speaking is your Business
260 ## - PUBLICATION, DISTRIBUTION, ETC. (IMPRINT)
Place of publication, distribution, etc London 
Name of publisher, distributor, etc G. Bell & Sons  
Date of publication, distribution, etc 1953 
300 ## - PHYSICAL DESCRIPTION
Extent 127 
365 ## - TRADE PRICE
Price note Rupees 
Unit of pricing
Price amount 0.00 
366 ## - TRADE AVAILABILITY INFORMATION
Publishers' discount category
505 ## - FORMATTED CONTENTS NOTE
Miscellaneous information Ramakant Amar Navghare 
530 ## - ADDITIONAL PHYSICAL FORM AVAILABLE NOTE
Availability source Donated by RBI Library  
620 ## -
-- Management. 
630 ## - SUBJECT ADDED ENTRY--UNIFORM TITLE
Uniform title Speaking is your Business
650 ## - SUBJECT ADDED ENTRY--TOPICAL TERM
Topical term or geographic name as entry element MANAGEMENT 
730 ## - ADDED ENTRY--UNIFORM TITLE
Uniform title Speaking is your Business
942 ## - ADDED ENTRY ELEMENTS (KOHA)
Koha item type Book
Holdings
Withdrawn status Lost status Damaged status Not for loan Home library Current library Date acquired Cost, normal purchase price Total Checkouts Full call number Barcode Date last seen Price effective from Koha item type
        Dr. V. N. Bedekar Institute of Management Studies Library Dr. V. N. Bedekar Institute of Management Studies Library 04/06/2009 0.00   658 /GOU  7413  VPMBRIMS-7413  03/19/2010 03/19/2010 Book